|
|
|
|
| LEADER |
00000cas a2200000 a 4500 |
| 001 |
vtls008154521 |
| 003 |
SK-MaSNL |
| 005 |
20260228155916.0 |
| 008 |
250905c19989999xo fr p 0 b0slo |
| 022 |
|
|
|a 1338-3272
|
| 040 |
|
|
|a SNK
|b slo
|c SNK
|e AACR2
|
| 041 |
0 |
|
|a slo
|
| 043 |
|
|
|a e-xo---
|
| 044 |
|
|
|a xo
|c SK
|
| 072 |
|
7 |
|a 378
|x Vysoké školy
|2 konspekt
|
| 080 |
|
|
|a (051)-048.55
|2 2011
|
| 080 |
|
|
|a 378.4
|2 2011
|
| 080 |
|
|
|a 050
|2 2011
|
| 210 |
0 |
|
|a Náš čas
|b (Nitra)
|
| 222 |
|
0 |
|a Náš čas
|b (Nitra)
|
| 245 |
0 |
0 |
|a Náš čas
|b časopis Univerzity Konštantína Filozofa v Nitre
|
| 260 |
|
|
|a Nitra
|b Univerzita Konštantína Filozofa
|c 1998-
|
| 300 |
|
|
|a zv.
|c 30 cm
|
| 310 |
|
|
|a 2x ročne
|b 2023-
|
| 321 |
|
|
|a 6x ročne
|
| 321 |
|
|
|a 10x ročne
|b 2019
|
| 321 |
|
|
|a 5x ročne
|b 2016-2018, 2020-2022
|
| 362 |
0 |
|
|a [Roč. II, č. 3(1) (1998)]-
|
| 500 |
|
|
|a Registračné č.: KÚ/1/2002 ; EV 1260/08
|
| 500 |
|
|
|a Popis podľa: Roč. II, č. 4(2) (1998)
|
| 500 |
|
|
|a Redaktori sa menia
|
| 500 |
|
|
|a Časopis vychádzal od r. 1997 do č. 2/1998 pod názvom: Univerzitný časopis
|
| 515 |
|
|
|a V tiráži uvedené aj priebežné číslovanie
|
| 515 |
|
|
|a V r. 2007, 2011, 2012 s posledným číslom vychádza prvé číslo nasledujúce roka
|
| 610 |
2 |
7 |
|a Univerzita Konštantína Filozofa v Nitre
|2 SNKKA
|9 123721
|
| 650 |
0 |
7 |
|a univerzity
|2 SNKPH
|9 22152
|
| 655 |
|
7 |
|a špecializované časopisy
|2 SNKPH
|9 70509
|
| 655 |
|
7 |
|a spoločenské časopisy
|2 SNKPH
|9 70515
|
| 780 |
0 |
0 |
|t Univerzitný časopis
|
| 856 |
4 |
1 |
|u https://www.ukf.sk/media-a-marketing/univerzitne-media#
|
| 910 |
|
|
|a snk
|
| 999 |
|
|
|c 867
|d 867
|
| 952 |
|
|
|0 0
|1 0
|4 0
|7 0
|8 0
|a SNK
|b SNK
|d 2006-05-09
|i snk2006/9349
|l 0
|o snkČSB 5464/8/2004
|p 17A0502037
|r 2026-02-21 19:52:21
|t č. 1-6
|w 2026-02-21
|y PREZ
|
| 952 |
|
|
|0 0
|1 0
|4 0
|7 0
|8 0
|a SNK
|b SNK
|d 2006-05-09
|i snk2006/9351
|l 0
|o snkČSB 5464/6/2002
|p 17A0502036
|r 2026-02-21 19:52:21
|t č. 1-6
|w 2026-02-21
|y PREZ
|
| 952 |
|
|
|0 0
|1 0
|4 0
|7 0
|8 0
|a SNK
|b SNK
|d 2025-09-04
|i snk2025/14000
|l 0
|o snkČSB 5464/24/2020 D1
|p 17A1556249
|r 2026-02-21 20:02:43
|t č. 1-5, neúplné
|w 2026-02-21
|y PREZ
|z Chýba č. 4
|
| 952 |
|
|
|0 0
|1 0
|4 0
|7 0
|8 0
|a SNK
|b SNK
|d 2025-09-04
|i snk2025/14012
|l 0
|o snkČSB 5464/25/2021 D1
|p 17A1556250
|r 2026-02-21 20:02:43
|t č. 1-5, neúplné
|w 2026-02-21
|y PREZ
|z Chýba č. 1
|
| 952 |
|
|
|0 0
|1 0
|4 0
|7 0
|8 0
|a SNK
|b SNK
|d 2025-09-04
|i snk2025/14014
|l 0
|o snkČSB 5464/26/2022 D1
|p 17A1556251
|r 2026-02-21 20:02:43
|t č. 1-5
|w 2026-02-21
|y PREZ
|
| 952 |
|
|
|0 0
|1 0
|4 0
|7 0
|8 0
|a SNK
|b SNK
|d 2025-09-04
|i snk2025/14017
|l 0
|o snkČSB 5464/27/2023
|p 17A1556252
|r 2026-02-21 20:02:43
|t č. 1-2
|w 2026-02-21
|y PREZ
|
| 952 |
|
|
|0 0
|1 0
|4 0
|7 0
|8 0
|a SNK
|b SNK
|d 2025-09-04
|i snk2025/14018
|l 0
|o snkČSB 5464/27/2023 D1
|p 17A1556253
|r 2026-02-21 20:02:43
|t č. 1-2
|w 2026-02-21
|y PREZ
|
| 952 |
|
|
|0 0
|1 0
|4 0
|7 0
|8 0
|a SNK
|b SNK
|d 2025-09-04
|i snk2025/14020
|l 0
|o snkČSB 5464/28/2024
|p 17A1556254
|r 2026-02-21 20:02:43
|t č. 1-2
|w 2026-02-21
|y PREZ
|z V tiráži č. 2 uvedený február 2025
|
| 952 |
|
|
|0 0
|1 0
|4 0
|7 0
|8 0
|a SNK
|b SNK
|d 2025-09-04
|i snk2025/14021
|l 0
|o snkČSB 5464/28/2024 D1
|p 17A1556255
|r 2026-02-21 20:02:43
|t č. 1-2
|w 2026-02-21
|y PREZ
|z V tiráži č. 2 uvedený február 2025
|
| 952 |
|
|
|0 0
|1 0
|4 0
|7 0
|8 7
|a SNK
|b SNK
|d 2025-09-01
|i snk2025/13723
|l 0
|o snkČSB 5464/2/1998
|p 17A1556235
|r 2026-02-21 20:10:12
|t č. 3(1)-4(2), neúplné
|w 2026-02-21
|y PREZ
|z Chýba č. 3(1)
|
| 952 |
|
|
|0 0
|1 0
|4 0
|7 0
|8 7
|a SNK
|b SNK
|d 2025-09-01
|i snk2025/13726
|l 0
|o snkČSB 5464/3/1999
|p 17A1556236
|r 2026-02-21 20:10:12
|t č. 1-7 + mim. č., neúplné
|w 2026-02-21
|y PREZ
|z Chýba č. 2-7 + mim. č.
|
| 952 |
|
|
|0 0
|1 0
|4 0
|7 0
|8 7
|a SNK
|b SNK
|d 2025-09-01
|i snk2025/13731
|l 0
|o snkČSB 5464/4/2000
|p 17A1556237
|r 2026-02-21 20:10:12
|t č. 1-10, neúplné
|w 2026-02-21
|y PREZ
|z Chýba č. 1
|
| 952 |
|
|
|0 0
|1 0
|4 0
|7 0
|8 7
|a SNK
|b SNK
|d 2025-09-01
|i snk2025/13737
|l 0
|o snkČSB 5464/6/2002 D1
|p 17A1556238
|r 2026-02-21 20:10:12
|t č. 1-6, neúplné
|w 2026-02-21
|y PREZ
|z Chýba č. 1, 6
|
| 952 |
|
|
|0 0
|1 0
|3 Spoločne zviazané r. 2011-2013
|4 0
|7 0
|8 0
|a SNK
|b SNK
|d 2018-04-18
|i snk2018/8826
|l 0
|o snkČSB 5464/15-16/2011-2012 D1
|p 17A1325476
|r 2026-02-21 20:14:10
|t č. 1-10/1, neúplné
|w 2026-02-21
|y PREZ
|z Chýba č. 9. ; Spoločne zviazané r. 2011-2013
|
| 952 |
|
|
|0 0
|1 0
|4 0
|7 0
|8 0
|a SNK
|b SNK
|d 2023-05-18
|i snk2023/7913
|l 0
|o snkČSB 5464/23/2019 D1
|p 17A1520292
|r 2026-02-21 21:39:40
|t č. 1-10 + 1 mim. č., neúplné
|w 2026-02-21
|y PREZ
|z Chýba č. 3,7,10
|
| 952 |
|
|
|0 0
|1 0
|4 0
|7 0
|8 0
|a SNK
|b SNK
|d 2023-05-18
|i snk2023/7916
|l 0
|o snkČSB 5464/24/2020
|p 17A1520291
|r 2026-02-21 21:39:40
|t č. 1-5
|w 2026-02-21
|y PREZ
|
| 952 |
|
|
|0 0
|1 0
|4 0
|7 0
|8 0
|a SNK
|b SNK
|d 2023-05-18
|i snk2023/7917
|l 0
|o snkČSB 5464/25/2021
|p 17A1520290
|r 2026-02-21 21:39:40
|t č. 1-5
|w 2026-02-21
|y PREZ
|
| 952 |
|
|
|0 0
|1 0
|4 0
|7 0
|8 0
|a SNK
|b SNK
|d 2023-05-18
|i snk2023/7918
|l 0
|o snkČSB 5464/26/2022
|p 17A1520289
|r 2026-02-21 21:39:40
|t č. 1-5
|w 2026-02-21
|y PREZ
|
| 952 |
|
|
|0 0
|1 0
|4 0
|7 0
|8 0
|a SNK
|b SNK
|d 2018-04-09
|i snk2018/8123
|l 0
|o snkČSB 5464/7/2003
|p 17A1268593
|r 2026-02-21 21:57:02
|t č. 1-6
|w 2026-02-21
|y PREZ
|
| 952 |
|
|
|0 0
|1 0
|3 Spoločne zviazané r. 2005-2010
|4 0
|7 0
|8 0
|a SNK
|b SNK
|d 2018-04-17
|i snk2018/8662
|l 0
|o snkČSB 5464/9/2005
|p 17A1268594
|r 2026-02-21 21:57:25
|t č. 1-6
|w 2026-02-21
|y PREZ
|z Spoločne zviazané r. 2005-2010
|
| 952 |
|
|
|0 0
|1 0
|3 Spoločne zviazané r. 2005-2010
|4 0
|7 0
|8 0
|a SNK
|b SNK
|d 2018-04-17
|i snk2018/8662
|l 0
|o snkČSB 5464/10/2006
|p 17A1268595
|r 2026-02-21 21:57:25
|t č. 1-6
|w 2026-02-21
|y PREZ
|z Spoločne zviazané r. 2005-2010
|
| 952 |
|
|
|0 0
|1 0
|3 Spoločne zviazané r. 2005-2010
|4 0
|7 0
|8 0
|a SNK
|b SNK
|d 2018-04-17
|i snk2018/8662
|l 0
|o snkČSB 5464/11-12/2007-2008
|p 17A1268596
|r 2026-02-21 21:57:25
|t č. 1-8/1, neúplné
|w 2026-02-21
|y PREZ
|z Chýba č. 3, 6. ; Spoločne zviazané r. 2005-2010
|
| 952 |
|
|
|0 0
|1 0
|3 Spoločne zviazané r. 2005-2010
|4 0
|7 0
|8 0
|a SNK
|b SNK
|d 2018-04-17
|i snk2018/8662
|l 0
|o snkČSB 5464/12/2008
|p 17A1268597
|r 2026-02-21 21:57:25
|t č. 2-6, neúplné
|w 2026-02-21
|y PREZ
|z Chýba č. 2-4. ; Spoločne zviazané r. 2005-2010
|
| 952 |
|
|
|0 0
|1 0
|4 0
|7 0
|8 0
|a SNK
|b SNK
|d 2018-04-17
|i snk2018/8662
|l 0
|o snkČSB 5464/13/2009
|p 17A1268598
|r 2026-02-21 21:57:25
|t č. 1-9
|w 2026-02-21
|y PREZ
|
| 952 |
|
|
|0 0
|1 0
|3 Spoločne zviazané r. 2005-2010
|4 0
|7 0
|8 0
|a SNK
|b SNK
|d 2018-04-17
|i snk2018/8662
|l 0
|o snkČSB 5464/14/2010
|p 17A1268599
|r 2026-02-21 21:57:25
|t č. 1-10, neúplné
|w 2026-02-21
|y PREZ
|z Chýba č. 1-3. ; Spoločne zviazané r. 2005-2010
|
| 952 |
|
|
|0 0
|1 0
|3 Spoločne zviazané r. 2011-2013
|4 0
|7 0
|8 0
|a SNK
|b SNK
|d 2018-04-17
|i snk2018/8709
|l 0
|o snkČSB 5464/15-16/2011-2012
|p 17A1324871
|r 2026-02-21 21:57:25
|t č. 1-10/1, neúplné
|w 2026-02-21
|y PREZ
|z Chýba č. 9. ; Spoločne zviazané r. 2011-2013
|
| 952 |
|
|
|0 0
|1 0
|3 Spoločne zviazané r. 2011-2013
|4 0
|7 0
|8 0
|a SNK
|b SNK
|d 2018-04-17
|i snk2018/8709
|l 0
|o snkČSB 5464/16-17/2012-2013
|p 17A1324872
|r 2026-02-21 21:57:26
|t č. 2-10/1, neúplné
|w 2026-02-21
|y PREZ
|z Chýba č. 3, 5. ; Spoločne zviazané r. 2011-2013
|
| 952 |
|
|
|0 0
|1 0
|3 Spoločne zviazané r. 2011-2013
|4 0
|7 0
|8 0
|a SNK
|b SNK
|d 2018-04-17
|i snk2018/8709
|l 0
|o snkČSB 5464/17/2013
|p 17A1324873
|r 2026-02-21 21:57:26
|t č. 2-6
|w 2026-02-21
|y PREZ
|z Spoločne zviazané r. 2011-2013
|
| 952 |
|
|
|0 0
|1 0
|4 0
|7 0
|8 0
|a SNK
|b SNK
|d 2018-04-18
|i snk2018/8795
|l 0
|o snkČSB 5464/7/2003 D1
|p 17A1324879
|r 2026-02-21 21:57:27
|t č. 1-6, neúplné
|w 2026-02-21
|y PREZ
|z Chýba č. 2
|
| 952 |
|
|
|0 0
|1 0
|3 Spoločne zviazané r. 2005-2010
|4 0
|7 0
|8 0
|a SNK
|b SNK
|d 2018-04-18
|i snk2018/8803
|l 0
|o snkČSB 5464/9/2005 D1
|p 17A1325470
|r 2026-02-21 21:57:27
|t č. 1-6, neúplné
|w 2026-02-21
|y PREZ
|z Chýba č. 1, 2, 6. ; Spoločne zviazané r. 2005-2010
|
| 952 |
|
|
|0 0
|1 0
|3 Spoločne zviazané r. 2005-2010
|4 0
|7 0
|8 0
|a SNK
|b SNK
|d 2018-04-18
|i snk2018/8803
|l 0
|o snkČSB 5464/10/2006 D1
|p 17A1325471
|r 2026-02-21 21:57:27
|t č. 1-6
|w 2026-02-21
|y PREZ
|z Spoločne zviazané r. 2005-2010
|
| 952 |
|
|
|0 0
|1 0
|4 0
|7 0
|8 0
|a SNK
|b SNK
|d 2018-04-17
|i snk2018/8721
|l 0
|o snkČSB 5464/18/2014
|p 17A1324874
|r 2026-02-21 21:57:29
|t č. 1-5
|w 2026-02-21
|y PREZ
|
| 952 |
|
|
|0 0
|1 0
|4 0
|7 0
|8 0
|a SNK
|b SNK
|d 2018-04-17
|i snk2018/8725
|l 0
|o snkČSB 5464/19/2015
|p 17A1324875
|r 2026-02-21 21:57:29
|t č. 1-5
|w 2026-02-21
|y PREZ
|
| 952 |
|
|
|0 0
|1 0
|4 0
|7 0
|8 0
|a SNK
|b SNK
|d 2018-04-17
|i snk2018/8732
|l 0
|o snkČSB 5464/20/2016
|p 17A1324876
|r 2026-02-21 21:57:30
|t č. 1-5, neúplné
|w 2026-02-21
|y PREZ
|z Chýba č. 3
|
| 952 |
|
|
|0 0
|1 0
|4 0
|7 0
|8 0
|a SNK
|b SNK
|d 2018-04-17
|i snk2018/8734
|l 0
|o snkČSB 5464/21/2017
|p 17A1324877
|r 2026-02-21 21:57:30
|t č. 1-5
|w 2026-02-21
|y PREZ
|
| 952 |
|
|
|0 0
|1 0
|4 0
|7 0
|8 0
|a SNK
|b SNK
|d 2018-04-17
|i snk2018/8739
|l 0
|o snkČSB 5464/5/2001
|p 17A1324878
|r 2026-02-21 21:57:30
|t č. 1-10, neúplné
|w 2026-02-21
|y PREZ
|z Chýba č. 2-4, 6-10
|
| 952 |
|
|
|0 0
|1 0
|4 0
|7 0
|8 0
|a SNK
|b SNK
|d 2018-04-18
|i snk2018/8803
|l 0
|o snkČSB 5464/11-12/2007-2008 D1
|p 17A1325472
|r 2026-02-21 21:57:30
|t č. 1-8/1, neúplné
|w 2026-02-21
|y PREZ
|z Chýba č. 3, 6 ;
|
| 952 |
|
|
|0 0
|1 0
|4 0
|7 0
|8 0
|a SNK
|b SNK
|d 2018-04-18
|i snk2018/8803
|l 0
|o snkČSB 5464/12/2008 D1
|p 17A1325473
|r 2026-02-21 21:57:31
|t č. 2-6, neúplné
|w 2026-02-21
|y PREZ
|z Chýba č. 2-4 ;
|
| 952 |
|
|
|0 0
|1 0
|4 0
|7 0
|8 0
|a SNK
|b SNK
|d 2018-04-18
|i snk2018/8803
|l 0
|o snkČSB 5464/13/2009 D1
|p 17A1325474
|r 2026-02-21 21:57:31
|t č. 1-9, neúplné
|w 2026-02-21
|y PREZ
|z Chýba č. 4-7 ;
|
| 952 |
|
|
|0 0
|1 0
|3 Spoločne zviazané r. 2005-2010
|4 0
|7 0
|8 0
|a SNK
|b SNK
|d 2018-04-18
|i snk2018/8803
|l 0
|o snkČSB 5464/14/2010 D1
|p 17A1325475
|r 2026-02-21 21:57:31
|t č. 1-10, neúplné
|w 2026-02-21
|y PREZ
|z Chýba č. 1-3. ; Spoločne zviazané r. 2005-2010
|
| 952 |
|
|
|0 0
|1 0
|3 Spoločne zviazané r. 2011-2013
|4 0
|7 1
|8 0
|a SNK
|b SNK
|d 2018-04-18
|i snk2018/8826
|l 0
|o snkČSB 5464/16-17/2012-2013 D1
|p 17A1325477
|r 2026-02-21 21:57:31
|t č. 2-10/1, neúplné
|w 2026-02-21
|y NEVYP
|z Chýba č. 3, 5. ; Spoločne zviazané r. 2011-2013
|
| 952 |
|
|
|0 0
|1 0
|3 Spoločne zviazané r. 2011-2013
|4 0
|7 1
|8 0
|a SNK
|b SNK
|d 2018-04-18
|i snk2018/8826
|l 0
|o snkČSB 5464/17/2013 D1
|p 17A1325478
|r 2026-02-21 21:57:31
|t č. 2-6, neúplné
|w 2026-02-21
|y NEVYP
|z Chýba č. 3-4. ; Spoločne zviazané r. 2011-2013
|
| 952 |
|
|
|0 0
|1 0
|4 0
|7 0
|8 0
|a SNK
|b SNK
|d 2018-04-18
|i snk2018/8829
|l 0
|o snkČSB 5464/18/2014 D1
|p 17A1325479
|r 2026-02-21 21:57:31
|t č. 1-5
|w 2026-02-21
|y PREZ
|
| 952 |
|
|
|0 0
|1 0
|4 0
|7 0
|8 0
|a SNK
|b SNK
|d 2018-04-18
|i snk2018/8830
|l 0
|o snkČSB 5464/19/2015 D1
|p 17A1325480
|r 2026-02-21 21:57:31
|t č. 1-5
|w 2026-02-21
|y PREZ
|
| 952 |
|
|
|0 0
|1 0
|4 0
|7 0
|8 0
|a SNK
|b SNK
|d 2018-04-18
|i snk2018/8833
|l 0
|o snkČSB 5464/20/2016 D1
|p 17A1325481
|r 2026-02-21 21:57:31
|t č. 1-5, neúplné
|w 2026-02-21
|y PREZ
|z Chýba č. 3
|
| 952 |
|
|
|0 0
|1 0
|4 0
|7 0
|8 0
|a SNK
|b SNK
|d 2018-04-18
|i snk2018/8834
|l 0
|o snkČSB 5464/21/2017 D1
|p 17A1325482
|r 2026-02-21 21:57:31
|t č. 1-5
|w 2026-02-21
|y PREZ
|
| 952 |
|
|
|0 0
|1 0
|4 0
|7 0
|8 0
|a SNK
|b SNK
|d 2020-09-02
|i snk2020/15365
|l 0
|o snkČSB 5464/22/2018
|p 17A1431491
|r 2026-02-21 22:08:56
|t č. 1-5, neúplné
|w 2026-02-21
|y PREZ
|z Chýba č. 3
|
| 952 |
|
|
|0 0
|1 0
|4 0
|7 0
|8 0
|a SNK
|b SNK
|d 2020-09-02
|i snk2020/15367
|l 0
|o snkČSB 5464/23/2019
|p 17A1431492
|r 2026-02-21 22:08:56
|t č. 1-10 + mim. č., neúplné
|w 2026-02-21
|y PREZ
|z Mimoriadne číslo: Skoč do štúdia na UKF v Nitre (september 2019) ; chýba č. 7,10
|
| 952 |
|
|
|0 0
|1 0
|4 0
|7 0
|8 0
|a SNK
|b SNK
|d 2020-09-02
|i snk2020/15368
|l 0
|o snkČSB 5464/22/2018 D1
|p 17A1431493
|r 2026-02-21 22:08:56
|t č. 1-5, neúplné
|w 2026-02-21
|y PREZ
|z Chýba č. 3
|